000
00357nam a2200157Ia 4500
100
_a
Dascalu/ D. Dr.
650
_a
Electrical
942
_c
BK
654
_a
devices
245
_a
Transit-Time effects in uniproper solid-state devices
260
_b
Alacus press
_a
Romania
_c
1974
082
_a
530.41
300
_a
395
546
_a
ENGLISH
999
_c
22642
_d
22642